000 00318 a2200145 4500
001 156978
040 _cEscola São Tomás de Aquino
100 _aCULTURA INGLESA
240 1 0 _aHats on top 2
_lpor
245 1 0 _aHats on top 2
300 _a40 f.
440 1 _aCultura Inglesa
697 _aInfantil 5
942 _cBK
999 _c156978
_d156978